|
|
|
|
| LEADER |
01273nam a2200349 a 4500 |
| 001 |
EBC302483 |
| 003 |
MiAaPQ |
| 005 |
20200520144314.0 |
| 006 |
m o d | |
| 007 |
cr cn||||||||| |
| 008 |
080814s2006 nyua sb 001 0 eng d |
| 020 |
|
|
|z 0765613050 (hardcover)
|
| 020 |
|
|
|z 9780765613059
|
| 020 |
|
|
|z 9780765621221
|
| 035 |
|
|
|a (MiAaPQ)EBC302483
|
| 035 |
|
|
|a (Au-PeEL)EBL302483
|
| 035 |
|
|
|a (CaPaEBR)ebr10178123
|
| 035 |
|
|
|a (CaONFJC)MIL91231
|
| 035 |
|
|
|a (OCoLC)437183477
|
| 040 |
|
|
|a MiAaPQ
|c MiAaPQ
|d MiAaPQ
|
| 050 |
|
4 |
|a HF5415.2
|b .R48 2006
|
| 245 |
0 |
0 |
|a Review of marketing research.
|n Vol. 2
|h [electronic resource] /
|c Naresh K. Malhotra, editor.
|
| 260 |
|
|
|a Armonk, N.Y. :
|b M.E. Sharpe,
|c 2006.
|
| 300 |
|
|
|a xii, 240 p. :
|b ill.
|
| 490 |
0 |
|
|a Review of marketing research,
|x 1548-6435
|
| 504 |
|
|
|a Includes bibliographical references and index.
|
| 533 |
|
|
|a Electronic reproduction. Ann Arbor, MI : ProQuest, 2015. Available via World Wide Web. Access may be limited to ProQuest affiliated libraries.
|
| 650 |
|
0 |
|a Marketing research.
|
| 655 |
|
4 |
|a Electronic books.
|
| 700 |
1 |
|
|a Malhotra, Naresh K.
|
| 710 |
2 |
|
|a ProQuest (Firm)
|
| 856 |
4 |
0 |
|u https://ebookcentral.proquest.com/lib/matrademy/detail.action?docID=302483
|z Click to View
|